000 00308nam a22001457a 4500
008 210429b ||||| |||| 00| 0 eng d
020 _a9780495813507
041 _aeng
080 _a572
082 _a572
100 _a24
101 _aANT
245 _aCultural Anthropology
_cNanda,
942 _2udc
_cBK
999 _c56964
_d56964